000
00363nam a22001337a 4500
999
_c
528893
_d
528893
003
NUST
038
_a
MSOHAIL
082
_a
0
100
_a
امام احمد رضا خان
_9
20702
245
_a
ترجمعہ کنزالایمان مع تفسیرخزاہنالفرقان
260
_a
Karachi
_b
Maktab-ul-Madina
_c
2009
300
_a
1186,p;
_c
25cm
942
_2
ddc
_c
BK